Entry Personal Name
001 - CONTROL NUMBER
- control field: 19036
003 - CONTROL NUMBER IDENTIFIER
- control field: LDD
005 - DATE AND TIME OF LATEST TRANSACTION
- control field: 20231214095703.0
008 - FIXED-LENGTH DATA ELEMENTS
- fixed length control field: 231214|| aca||aabn | a|a d
040 ## - CATALOGING SOURCE
- Original cataloging agency: LDD
- Transcribing agency: LDD
100 ## - HEADING--PERSONAL NAME
- Personal name: श्रीवास्तव, जितेन्द्र (Srivastava, Jitendra)
670 ## - SOURCE DATA FOUND
- Source citation: Work cat.: (LDD)172305: श्रीवास्तव, जितेन्द्र (Srivastava, Jitendra), कवि ने कहा, 2016
